Statistics for Lord of the Rings The Return of the King

Click here to take the quiz!

General Stats

  • This quiz has been taken 60 times
  • The average score is 22 of 25

Answer Stats

HintAnswer% Correct
What is the hobbits nickname after being cursed with the one ring for 500 yearsGollum
100%
Who is the dark Lord that fights to end the race of men and control of middle earthSauron
98%
Who is the ranger known as striderAragorn
96%
Who is the steward's dead sonBoromir
96%
Who is the dwarf that goes with the elf and striderGimli
96%
Who is the hobbit that fights on the battlefield against the king of the nazgulMerry
96%
Who accompanies the ring bearer to the end of their questSamwise Gamgee
96%
Who is the evil wizard Saruman
96%
Who is the steward's last survivng sonFaramir
94%
Who is the elf that accompanies strider and the dwarf to the cave of the deadLegolas
94%
Who is the hobbit that holds the palantir and finds where the orcs are going to attackPippin
94%
Who is the hobbit that strangles his friend to posses the one ringSmeagol
94%
Who kills the king of the nazgulEowyn
93%
Who is the hobbit that bears the one ring Frodo Baggins
93%
What is the name of the volcano in mordorMount Doom
93%
Who is the king of RohanTheoden
91%
Who is the hobbit that finds the one ring, gets strangled by his friendDeagol
89%
What is the name of the evil wizards tower, areaIsengard
89%
Who is the spider that the creature leads the two hobbits toShelob
89%
Who is the steward of GondorDenethor
87%
What is the name of Gondor's capitolMinas Tirith
87%
Who is the king of the nazgulThe Witch King
87%
Who is the white wizardGandalf the White
72%
What is the name of Isildur's sword reforgedAnduril
61%
What is the town located in front of Gondor's capitol, the orcs take contol of this townOsgiliath
61%

Score Distribution

Percentile by Number Answered

Percent of People with Each Score

Your Score History

You have not taken this quiz